Los empresarios ante la alternativa democrática : el caso de Chile /

El hecho de que el plebiscito presente antecedentes fuertes en cuanto a su eventual control por el gobierno, no quiere decir que no esté abierto a un proceso de definiciones sobre el régimen y su modelo. Hasta ahora parece una coyuntura que involucraría el futuro del país por largo plazo. Por eso Pi...

Descripción completa

Detalles Bibliográficos
Autor principal: Campero, Guillermo
Formato: Analitica de revista
Lenguaje:español
Publicado: Santiago, Chile SUR 1988
Materias:

MARC

LEADER 00000cab a2200000 a 4500
001 037615
003 UAHC_CL
005 20171123103953.0
008 140120s1988 cl 000 spa
952 |0 0  |1 0  |4 0  |6 PROPOSICIONES_16_88_000000000000000  |7 0  |8 COMP  |9 71631  |a BC  |b BC  |c COMP  |d 2017-08-03  |l 0  |o PROPOSICIONES-16/88  |r 2017-08-03 00:00:00  |t 1  |w 2017-08-03  |y REVA 
999 |c 37615  |d 37615 
040 |a UAHC_CL  |c UAHC_CL  |d UAHC_CL 
100 1 |a Campero, Guillermo 
245 1 4 |a Los empresarios ante la alternativa democrática :  |b el caso de Chile /  |c Guillermo Campero. 
260 |b SUR  |c 1988  |a Santiago, Chile 
300 |a pp. 48-61 
310 |a Anual. 
362 0 |a Año 1, no. 1 (nov. 2002)- . 
362 0 |a Año 1, no. 1 (nov. 2002)- . 
500 |a En: Proposiciones. no. 16, 1988. pp. 48-61. ISSN. 956208051X. 
520 |a El hecho de que el plebiscito presente antecedentes fuertes en cuanto a su eventual control por el gobierno, no quiere decir que no esté abierto a un proceso de definiciones sobre el régimen y su modelo. Hasta ahora parece una coyuntura que involucraría el futuro del país por largo plazo. Por eso Pinochet tratara de ganarlo. En ese cuadro, los empresarios deben tomar definiciones respecto de su comportamiento sociopolítico futuro. 
650 4 |a NEGOCIO Y POLITICA 
650 4 |a Democracia  |x Aspectos Económicos  |z Chile 
650 4 |a EMPRESAS  |z CHILE 
650 4 |a Democracia  |x Aspectos Económicos  |z Chile 
900 |a PROPOSICIONES-16/88 
942 |c REVA  |2 ddc